| 000 | nam a22 7a 4500 | ||
|---|---|---|---|
| 999 |
_c127986 _d127986 |
||
| 008 | 180427b xxu||||| |||| 00| 0 eng d | ||
| 020 | _a2220031950 | ||
| 050 | _aBX3756.I3.G537 | ||
| 100 |
_aIgnatius, St _938485 |
||
| 245 |
_aEcrits _c/by St Ignatius |
||
| 260 |
_aParis: _bDesclee de brouwer, _c1991. |
||
| 300 |
_a1109p.; _c23cm. |
||
| 440 |
_aCollection christus no.76 _941656 |
||
| 700 |
_aGiuliani,Maurice _eed. _941657 |
||
| 942 |
_2lcc _cMONOGRAPH |
||